000
00280nam a2200109Ia 4500
008
190907s9999||||xx |||||||||||||| ||und||
100
_a
Arthur Meidan
245
0
_a
Financial Servicess Marketing A reader
260
_a
India
_b
Prentice Hall Inc.
_c
1997
300
_a
375
942
_c
BK
999
_c
6220
_d
6220